Woodwind anthology : (Record no. 28125)

000 -LEADER
fixed length control field 01156nam a2200301 a 4500
001 - CONTROL NUMBER
control field 4406570
003 - CONTROL NUMBER IDENTIFIER
control field OSt
005 - DATE AND TIME OF LATEST TRANSACTION
control field 20170215111718.0
008 - FIXED-LENGTH DATA ELEMENTS--GENERAL INFORMATION
fixed length control field 920826s1992 ilua b 001 0 eng
010 ## - LIBRARY OF CONGRESS CONTROL NUMBER
LC control number 92206213
040 ## - CATALOGING SOURCE
Original cataloging agency DLC
Transcribing agency DLC
050 00 - LIBRARY OF CONGRESS CALL NUMBER
Classification number MT339.5
Item number .W66 1992
082 00 - DEWEY DECIMAL CLASSIFICATION NUMBER
Classification number 788.2
Edition number 20
245 00 - TITLE STATEMENT
Title Woodwind anthology :
Remainder of title a compendium of woodwind articles from the Instrumentalist.
260 ## - PUBLICATION, DISTRIBUTION, ETC. (IMPRINT)
Place of publication, distribution, etc. Northfield, Ill. (200 Northfield Rd., Northfield) :
Name of publisher, distributor, etc. Instrumentalist Co.,
Date of publication, distribution, etc. c1992.
300 ## - PHYSICAL DESCRIPTION
Extent 2 v. :
Other physical details ill. ;
Dimensions 30 cm.
490 1# - SERIES STATEMENT
Series statement Anthology series ;
Volume/sequential designation v. 1-2
500 ## - GENERAL NOTE
General note Some articles originally appeared in Flute talk.
504 ## - BIBLIOGRAPHY, ETC. NOTE
Bibliography, etc Includes bibliographies and indexes.
505 0# - FORMATTED CONTENTS NOTE
Formatted contents note v. 1. Flute, General articles -- v. 2. Clarinet, Saxophone, Oboe, Bassoon.
650 #0 - SUBJECT ADDED ENTRY--TOPICAL TERM
Topical term or geographic name as entry element Woodwind instruments
General subdivision Instruction and study.
730 0# - ADDED ENTRY--UNIFORM TITLE
Uniform title Instrumentalist.
730 0# - ADDED ENTRY--UNIFORM TITLE
Uniform title Flute talk.
830 #0 - SERIES ADDED ENTRY--UNIFORM TITLE
Uniform title Anthology series (Evanston, Ill.) ;
Volume number/sequential designation v. 1-2.
906 ## - LOCAL DATA ELEMENT F, LDF (RLIN)
a 7
b cbc
c orignew
d 2
e ncip
f 19
g y-gencatlg
942 ## - ADDED ENTRY ELEMENTS (KOHA)
Source of classification or shelving scheme
Koha item type Hard Covered Materials
Classification part MT 339 .W66 1992
Holdings
Withdrawn status Lost status Source of classification or shelving scheme Damaged status Not for loan Home library Current library Shelving location Date acquired Source of acquisition Total Checkouts Full call number Barcode Date last seen Price effective from Koha item type
          MACHAKOS UNIVERSITY LIBRARY MACHAKOS UNIVERSITY LIBRARY Technical section 15/02/2017 Donation (BFA)   MT 339 .W66 1992 35989 12/07/2018 15/02/2017 Hard Covered Materials
          MACHAKOS UNIVERSITY LIBRARY MACHAKOS UNIVERSITY LIBRARY Technical section 15/02/2017 Donation (BFA)   MT 339 .W66 1992 36194 31/05/2018 15/02/2017 Hard Covered Materials
© Machakos University Library, Along The Highway, Machakos Wote Rd, Machakos, Kenya P.O. Box 136 - 90100 Machakos - Kenya

Tel: ( +254 ) 723 805829 OR Fax : 044-20353 OR Email: library@mksu.ac.ke